000
00339 a2200157 4500
001
18025
020
_a
9788578411817
040
_c
Anchieta - Bela Vista
100
_a
Silva, Célia Cris
240
1
0
_a
Maria do Pranto
_l
por
245
1
0
_a
Maria do Pranto
300
_a
24
362
0
_a
2009
650
4
_a
Literatura juvenil
942
_c
BK
999
_c
18025
_d
18025